[Event "WECU Championship"]
[Site "Exmouth"]
[Date "2004.04.12"]
[Round "7"]
[White "Bass, JW."]
[Black "Gosling, Brian"]
[Result "1/2-1/2"]
[WhiteElo "1928"]
[BlackElo "1792"]
[PlyCount "45"]
[EventDate "2004.??.??"]

1. d4 d5 2. Nf3 Bf5 3. e3 e6 4. c4 c6 5. Nc3 Nf6 6. Bd3 Bxd3 7. Qxd3 Nbd7 8.
O-O Be7 9. Rd1 O-O 10. e4 dxe4 11. Nxe4 Nxe4 12. Qxe4 Nf6 13. Qe2 Qa5 14. a3
Qh5 15. Bf4 Rad8 16. Rac1 Rd7 17. Rc2 Rfd8 18. Rcd2 Qf5 19. Be3 Ne4 20. Rd3 Nc5
21. R3d2 Ne4 22. Rd3 Nc5 23. R3d2 1/2-1/2

[Event "WECU Championship"]
[Site "Exmouth"]
[Date "2004.04.12"]
[Round "7"]
[White "Fallowfield, Nicholas"]
[Black "Horner, Robin M"]
[Result "1/2-1/2"]
[WhiteElo "1904"]
[BlackElo "1928"]
[PlyCount "29"]
[EventDate "2004.??.??"]

1. e4 e5 2. Nf3 Nc6 3. Bb5 a6 4. Ba4 Nf6 5. O-O b5 6. Bb3 Be7 7. d4 exd4 8. e5
Ne4 9. Bd5 Nc5 10. Nxd4 Bb7 11. Nf5 O-O 12. Qg4 g6 13. Qg3 Ne6 14. Nc3 Kh8 15.
Bxe6 1/2-1/2

[Event "WECU Championship"]
[Site "Exmouth"]
[Date "2004.04.12"]
[Round "7"]
[White "Neat, Roger"]
[Black "Jamieson, Ian"]
[Result "0-1"]
[WhiteElo "1600"]
[BlackElo "2064"]
[PlyCount "64"]
[EventDate "2004.??.??"]

1. d4 e6 2. Nf3 f5 3. Bf4 Nf6 4. e3 Be7 5. h3 O-O 6. Nbd2 d6 7. Be2 Kh8 8. c3
Nc6 9. Qc2 Nd7 10. O-O-O e5 11. dxe5 dxe5 12. Nxe5 Ncxe5 13. Bxe5 Nxe5 14. Nc4
Nd7 15. Rd2 Qe8 16. Rhd1 a5 17. Bf3 Ra6 18. Rd5 Nb6 19. Nxb6 cxb6 20. Re5 b5
21. Qd3 b4 22. c4 Qf7 23. Bd5 Qf6 24. f4 a4 25. Bxb7 Bxb7 26. Qd7 b3 27. Qxb7
bxa2 28. Kc2 Bd8 29. Qd7 g6 30. Re8 Ra8 31. c5 a3 32. Rxf8+ Qxf8 0-1

[Event "WECU Championship"]
[Site "Exmouth"]
[Date "2004.04.12"]
[Round "7"]
[White "George, Ian M"]
[Black "Shire, David"]
[Result "0-1"]
[WhiteElo "1984"]
[BlackElo "1904"]
[PlyCount "50"]
[EventDate "2004.??.??"]

1. e4 e6 2. d4 d5 3. Nc3 Bb4 4. a3 Bxc3+ 5. bxc3 dxe4 6. Qg4 Nf6 7. Qxg7 Rg8 8.
Qh6 Nbd7 9. Ne2 b6 10. g3 Bb7 11. Bg2 Qe7 12. O-O O-O-O 13. a4 Rg6 14. Qe3 Ng4
15. Qd2 Nde5 16. a5 Nf3+ 17. Bxf3 exf3 18. Nf4 Rh6 19. axb6 axb6 20. h3 e5 21.
Qe1 Qg5 22. Ng2 Qh5 23. Nh4 Rg8 24. Ra7 Qxh4 25. gxh4 Ne3+ 0-1

[Event "WECU Championship"]
[Site "Exmouth"]
[Date "2004.04.12"]
[Round "7"]
[White "Rudd, Jack"]
[Black "Ponter, Ian"]
[Result "1/2-1/2"]
[WhiteElo "2256"]
[BlackElo "1920"]
[PlyCount "86"]
[EventDate "2004.??.??"]

1. d4 d5 2. Nf3 Nf6 3. Bf4 e6 4. e3 Be7 5. c4 Nbd7 6. Nc3 a6 7. cxd5 Nxd5 8.
Nxd5 exd5 9. Bd3 Nf6 10. Qc2 c6 11. O-O Bg4 12. Ne5 Bh5 13. b4 Bg6 14. Rab1 O-O
15. h3 Nd7 16. Nxg6 hxg6 17. a4 Rc8 18. Qb3 Nf6 19. Rfd1 Ne4 20. Bxe4 dxe4 21.
b5 axb5 22. axb5 Kh7 23. bxc6 bxc6 24. Qc4 g5 25. Bg3 f5 26. Be5 Bf6 27. Bh2
Qd7 28. Rdc1 f4 29. Rb6 c5 30. dxc5 Qf5 31. g4 fxg3 32. Bxg3 Be5 33. Qe6 Bxg3
34. Qxf5+ Rxf5 35. fxg3 Rfxc5 36. Rxc5 Rxc5 37. Re6 Rc4 38. g4 Ra4 39. Kf2 g6
40. Re5 Kh6 41. Kg3 Rb4 42. h4 gxh4+ 43. Kxh4 g5+ 1/2-1/2

[Event "WECU Championship"]
[Site "Exmouth"]
[Date "2004.04.12"]
[Round "7"]
[White "Turner, Matthew"]
[Black "Hamperl, Fred"]
[Result "1/2-1/2"]
[WhiteElo "2512"]
[BlackElo "1960"]
[PlyCount "32"]
[EventDate "2004.??.??"]

1. c4 e5 2. g3 Nc6 3. Bg2 g6 4. Nc3 Bg7 5. e3 d6 6. Nge2 f5 7. d3 Nf6 8. O-O
O-O 9. Rb1 a5 10. a3 Ne7 11. f4 c6 12. b4 axb4 13. axb4 Be6 14. Qb3 Qc7 15. b5
Rfb8 16. h3 Bf7 1/2-1/2

[Event "WECU Championship"]
[Site "Exmouth"]
[Date "2004.04.12"]
[Round "7"]
[White "Talbot, Andrew R"]
[Black "Sherwin, James"]
[Result "0-1"]
[WhiteElo "1936"]
[BlackElo "2232"]
[PlyCount "66"]
[EventDate "2004.??.??"]

1. d4 d5 2. c4 c6 3. Nf3 Nf6 4. Nc3 e6 5. Bg5 dxc4 6. e4 b5 7. e5 h6 8. Bh4 g5
9. Nxg5 hxg5 10. Bxg5 Nbd7 11. g3 Bb7 12. Bg2 Qc7 13. exf6 c5 14. d5 b4 15. Nb5
Qb6 16. dxe6 Qxe6+ 17. Qe2 Qxe2+ 18. Kxe2 Bxg2 19. Rhc1 Bc6 20. Nc7+ Kd8 21.
Nxa8 Bxa8 22. a3 b3 23. h4 Ne5 24. Rd1+ Kc8 25. f4 Bf3+ 26. Ke3 Bxd1 27. fxe5
Bg4 28. Ke4 Kd7 29. Rc1 Be2 30. Bd2 Ke6 31. Bc3 Rg8 32. Rg1 Bh6 33. Be1 Rg4#
0-1

[Event "WECU Championship"]
[Site "Exmouth"]
[Date "2004.04.12"]
[Round "7"]
[White "Wynarczyk, Raymond"]
[Black "Bareham, DC."]
[Result "1/2-1/2"]
[WhiteElo "1832"]
[BlackElo "1984"]
[PlyCount "58"]
[EventDate "2004.??.??"]

1. e4 c5 2. Nf3 d6 3. d4 cxd4 4. Nxd4 Nf6 5. Nc3 g6 6. f4 Nc6 7. Nxc6 bxc6 8.
e5 Nd7 9. exd6 exd6 10. Qd4 Nf6 11. Be3 Be7 12. Be2 O-O 13. O-O Be6 14. Qd2 Re8
15. Rae1 d5 16. Kh1 Rb8 17. Bxa7 Rxb2 18. Bd4 c5 19. Bxf6 Bxf6 20. f5 Bxf5 21.
Bd3 Rxe1 22. Rxe1 Bxd3 23. Qxd3 c4 24. Qxd5 Qxd5 25. Nxd5 Kg7 26. g3 Rxa2 27.
c3 Rd2 28. Nxf6 Kxf6 29. Re4 h5 1/2-1/2

[Event "WECU Championship"]
[Site "Exmouth"]
[Date "2004.04.12"]
[Round "7"]
[White "Simons, Martin"]
[Black "Dilleigh, Stephen"]
[Result "1/2-1/2"]
[WhiteElo "2256"]
[BlackElo "2064"]
[PlyCount "63"]
[EventDate "2004.??.??"]

1. e4 d6 2. d4 Nf6 3. Nc3 g6 4. Be3 c6 5. Qd2 b5 6. Bd3 Nbd7 7. Nf3 e5 8. O-O
a6 9. dxe5 dxe5 10. Bh6 Bxh6 11. Qxh6 Ng4 12. Qd2 O-O 13. h3 Ngf6 14. Qh6 Re8
15. Ng5 Qe7 16. f4 Qf8 17. Qh4 h6 18. Nf3 exf4 19. Qxf4 Nh5 20. Qc7 Qc5+ 21.
Kh2 Ra7 22. Qa5 b4 23. Qxc5 Nxc5 24. Ne2 Nxe4 25. a3 c5 26. axb4 cxb4 27. Ned4
Nc5 28. Nc6 Rc7 29. Nxb4 Nxd3 30. cxd3 Rb7 31. Nc6 Rxb2 32. Rfe1 1/2-1/2